000 00796nam a2200253Ia 4500
003 OSt
005 20221005104411.0
006 a|||||r|||| 00| 0
007 ta
008 221004b |||||||| |||| 00| 0 hin d
024 _a32437
037 _cTextual
040 _aCRL
_cCRL
_bhin
041 _2hin
_ahin
082 _aO152,1xN3, M1
100 _aअज्ञेय, संपा.
245 0 _aतारसप्तक
246 _aTārasaptaka
260 _aदिल्ली
_bभारतीय ज्ञानपीठ प्रकाशन भारत
_c1981
300 _a315पृ.
_ccm.
650 _aहिन्दी साहित्य
942 _hO152,1xN3, M1
_cTEXL
_2cc
999 _c1012596
_d1012596